000 00300nam a22001337a 4500
008 170807b xxu||||| |||| 00| 0 eng d
020 _a2900521735529
041 _aeng
080 _a004
100 _a34
101 _aSHKI
245 _aMANAGING KNOWLEDGE NETWORKS
_cJOHNSON, J.D
942 _2udc
_cBK
999 _c22855
_d22855